| 000 | 01033cam a22003131 4500 | ||
|---|---|---|---|
| 001 | 2186 | ||
| 003 | FISKH | ||
| 005 | 20231108150312.0 | ||
| 008 | 750613s1949 nyua j 000 1 eng | ||
| 010 | _a 50005777 | ||
| 020 | _a0307302172 | ||
| 035 | _a(OCoLC)1392362 | ||
| 040 |
_aDLC _cFO _dOCoLC _dDLC _beng |
||
| 050 | 0 | 0 |
_aPZ10.3.B7656 _bCo |
| 082 | _a813.52 | ||
| 100 | 1 |
_aBrown, Margaret Wise, _d1910-1952. |
|
| 245 | 1 | 4 |
_aThe color kittens / _cBy Margaret Wise Brown ; illustrated by Kathi Ember |
| 260 |
_aRacine : _bWestern, _c1949. |
||
| 300 |
_a24 unnumbered pages : _bcolor illustrations ; _c21 cm |
||
| 490 | 0 | _aA Little golden book | |
| 505 | _aO | ||
| 520 | _aWhile the color kittens are trying to make green paint, their mixing leads to pink, orange, and purple. | ||
| 521 | 8 |
_a600
_bLexile estimate |
|
| 521 | 8 |
_aO
_bRaz-Plus |
|
| 650 |
_aKittens _vJuvenile literature |
||
| 700 | 1 |
_aEmber, Kathi _eillustrator |
|
| 906 |
_a7 _bcbc _coclcrpl _du _encip _f19 _gy-gencatlg |
||
| 942 |
_2ddc _cBK _n0 |
||
| 999 |
_c2186 _d2186 |
||